| 000 | 00531nam a2200145 a 4500 | ||
|---|---|---|---|
| 001 | 000032377 | ||
| 005 | 20200930065617.0 | ||
| 008 | 110714s1931 dr 000 0 spa d | ||
| 040 |
_aDO-SdBNP _bspa _cBNPHU |
||
| 082 |
_axxxx _bM533c |
||
| 245 | 0 | 0 | _aMemoria que al Hon. presidente de la República presenta al Dr. Aristides Filallo Cabral secretario de estado de Sanidad y Beneficiencia durante su gestión en el año 1930. |
| 260 |
_aSanto Domingo : _bImprenta Montalvo,Hos, _c1931. |
||
| 300 |
_a378 p. ; _c28 cm. |
||
| 049 | _aBNPD | ||
| 999 |
_c31868 _d31868 |
||